000 00554nam a2200181 a 4500
001 000037867
005 20241021092516.0
008 091001s2017 dr a r 000 0 spa d
020 _a9789945600964
040 _aDO-SdBNP
_bspa
_cBNPHU
082 _axxxx
_bS684c
100 1 _aSolano, Miguel,
_91543
245 1 4 _aLos cuentos de Juan Carabú /
_cMiguel Solano.
260 _aSanto Domingo :
_bEdiciones Aqi,
_c2017.
300 _a99 p. :
_bil. ;
_c23 cm.
500 _aIncluye datos biográficos del autor en las solapas
590 _aInventariado, 2020/BT
999 _c37357
_d37357